Operation Management (9th Ed.) (Record no. 81575)

MARC details
000 -LEADER
fixed length control field 00906nam a2200217 a 4500
008 - FIXED-LENGTH DATA ELEMENTS--GENERAL INFORMATION
fixed length control field 160512c20029999||||||||||||||||| || u
020 ## - INTERNATIONAL STANDARD BOOK NUMBER
International Standard Book Number 0324066872
050 ## - LIBRARY OF CONGRESS CALL NUMBER
Classification number CD/TS 155 Gai.
100 ## - MAIN ENTRY--PERSONAL NAME
Personal name Frazier, Greg, 1962-
245 10 - TITLE STATEMENT
Title Operation Management (9th Ed.)
Medium [cd-rom]
250 ## - EDITION STATEMENT
Edition statement 9th ed.
260 ## - PUBLICATION, DISTRIBUTION, ETC. (IMPRINT)
Place of publication, distribution, etc Ohio
Name of publisher, distributor, etc Thomson Learning
Date of publication, distribution, etc 2002
300 ## - PHYSICAL DESCRIPTION
Extent 4 3/4 in.
350 ## -
-- 0.00
650 #0 - SUBJECT ADDED ENTRY--TOPICAL TERM
Topical term or geographic name as entry element MANAGEMENT
650 #0 - SUBJECT ADDED ENTRY--TOPICAL TERM
Topical term or geographic name as entry element PRODUCTION MANAGEMENT
700 ## - ADDED ENTRY--PERSONAL NAME
Personal name Gaither, Norman
995 ## - RECOMMENDATION 995 [LOCAL, UNIMARC FRANCE]
-- CBU-MAIN LIBRARY (Kitwe)
-- 0.00
-- 3
-- AVAILABLE
-- Jul 25, 2016
-- e-Media Collection
995 ## - RECOMMENDATION 995 [LOCAL, UNIMARC FRANCE]
-- CBU-MAIN LIBRARY (Kitwe)
-- 0.00
-- 2
-- AVAILABLE
-- Jun 15, 2016
-- e-Media Collection
995 ## - RECOMMENDATION 995 [LOCAL, UNIMARC FRANCE]
-- CBU-MAIN LIBRARY (Kitwe)
-- 0.00
-- 1
-- AVAILABLE
-- May 12, 2016
-- e-Media Collection
Holdings
Withdrawn status Lost status Source of classification or shelving scheme Damaged status Not for loan Permanent Location Current Location Shelving location Date acquired Total Checkouts Full call number Barcode Date last seen Copy number Price effective from Koha item type
          CBU-MAIN LIBRARY, KITWE. CBU-MAIN LIBRARY, KITWE.   09/05/2023   CD/TS 155 Gai 20142325 09/05/2023 1 09/05/2023 DVD/CD-ROM
          CBU-MAIN LIBRARY, KITWE. CBU-MAIN LIBRARY, KITWE.   09/05/2023   CD/TS 155 Gai 20162599 09/05/2023 2 09/05/2023 DVD/CD-ROM
          CBU-MAIN LIBRARY, KITWE. CBU-MAIN LIBRARY, KITWE.   09/05/2023   CD/TS 155 Gai 20141152 09/05/2023 3 09/05/2023 DVD/CD-ROM